| 000 | 01784nam a2200241Ia 4500 | ||
|---|---|---|---|
| 003 | Ost | ||
| 005 | 20260507075231.0 | ||
| 008 | 260507s9999||||xx |||||||||||||| ||und|| | ||
| 040 | _cfsecg | ||
| 041 | _aara | ||
| 082 | _a330 | ||
| 100 |
_aالقريشي، محمد صالح _eمؤلف |
||
| 245 | 0 |
_aعلم اقتصاد التنمية / _c محمد صالح القريشي |
|
| 260 |
_aعمان: _bدار اثراء, _c2009 |
||
| 300 |
_a397 صفحة؛ _bإيضاحات ؛ _c24 سم |
||
| 504 | _aمراجع ص.389 | ||
| 520 | _aعلم اقتصاد التنمية : الطبيعة و المفاهيم و التطور ، التنمية الاقتصادية : المعنى و المحتوى و القياس ، نظريات النمو الاقتصادية ، ، النظريات الجديدة في النمو الاقتصادي ، نظريات التنمية الاقتصادية ، نظريات و مداخل حديثة و معاصرة في التنمية الاقتصادية ، الحكومة و السوق في عمليات التنمية و النموالاقتصادي ، إقتصاديات الانتاج و الكفاءة ، التجارة والزراعة التنمية الاقتصادية التصنيع و التنمية الاقتصادية : طبيعة العلاقة و آلياتها و النتاج المؤملة ، تخطيط التنمية : الأسباب و المفهوم و النماذج ، التنمية المستدامة بين البعد البيئي و البعد الاقتصادي ، تكوين رأس المال البشري و التنمية الاقتصادية. | ||
| 653 | _aاقتصاد التنمية | ||
| 653 | _aالاقتصاد | ||
| 653 | _aالتنمية | ||
| 653 | _aالتنمية الاقتصادية | ||
| 942 | _cكتاب | ||
| 999 |
_c43563 _d43563 |
||